MyGZULibrary

Dicey and Morris on the conflict of laws. (Record no. 8814)

MARC details
000 -LEADER
fixed length control field 01036cam a2200301 a 4500
001 - CONTROL NUMBER
control field 4780028
003 - CONTROL NUMBER IDENTIFIER
control field KD680 MOR 1980
005 - DATE AND TIME OF LATEST TRANSACTION
control field 20210526092424.0
008 - FIXED-LENGTH DATA ELEMENTS--GENERAL INFORMATION
fixed length control field 860925s1980 enk b 001 0 eng
010 ## - LIBRARY OF CONGRESS CONTROL NUMBER
LC control number 86207912
020 ## - INTERNATIONAL STANDARD BOOK NUMBER
International Standard Book Number 0420456902
040 ## - CATALOGING SOURCE
Original cataloging agency DLC
Transcribing agency DLC
Modifying agency DLC
043 ## - GEOGRAPHIC AREA CODE
Geographic area code e-uk---
050 00 - LIBRARY OF CONGRESS CALL NUMBER
Classification number KD680
Item number .D5 1980
082 00 - DEWEY DECIMAL CLASSIFICATION NUMBER
Classification number 340.9
Edition number 19
100 1# - MAIN ENTRY--PERSONAL NAME
Personal name Dicey, A. V.
Fuller form of name (Albert Venn),
Dates associated with a name 1835-1922.
245 10 - TITLE STATEMENT
Title Dicey and Morris on the conflict of laws.
Statement of responsibility, etc. J.H.C. MORRIS
250 ## - EDITION STATEMENT
Edition statement 10th ed. /
Remainder of edition statement under the general editorship of J.H.C. Morris, with specialist editors.
260 ## - PUBLICATION, DISTRIBUTION, ETC.
Place of publication, distribution, etc. London :
Name of publisher, distributor, etc. Stevens,
Date of publication, distribution, etc. 1980.
300 ## - PHYSICAL DESCRIPTION
Extent 2 v. (cxl, 1351 p.) ;
Dimensions 26 cm.
500 ## - GENERAL NOTE
General note Includes bibliographical references and index.
504 ## - BIBLIOGRAPHY, ETC. NOTE
Bibliography, etc. note Includes bibliographical references and index.
600 ## - SUBJECT ADDED ENTRY--PERSONAL NAME
Source of heading or term Conflict of laws
Geographic subdivision England
650 #0 - SUBJECT ADDED ENTRY--TOPICAL TERM
Topical term or geographic name entry element Conflict of laws
Geographic subdivision Great Britain.
700 1# - ADDED ENTRY--PERSONAL NAME
Personal name Morris, John Humphrey Carlile.
Relator term editor
906 ## - LOCAL DATA ELEMENT F, LDF (RLIN)
a 7
b cbc
c orignew
d 2
e ncip
f 19
g y-gencatlg
942 ## - ADDED ENTRY ELEMENTS (KOHA)
Source of classification or shelving scheme Library of Congress Classification
Koha item type Books
Classification part 680
Item part MOR
Call number prefix KD
Holdings
Withdrawn status Lost status Damaged status Not for loan Collection code Home library Current library Shelving location Date acquired Inventory number Total Checkouts Full call number Barcode Date last seen Copy number Price effective from Koha item type
        Non-fiction Law Library Law Library General Stacks 05/26/2021 19463   KD680 MOR 1980 004846 05/26/2021 C.1 05/26/2021 Books